000 00366nam a2200145Ia 4500
005 20241021023218.0
008 240331s9999 xx 000 0 und d
082 _bRAN
_a821
100 _aRanaweera,E
245 0 _aSelected poems
260 _aColombo
_bWomen's Education Centre Publication
_c1987
300 _aviii, 90 p .,
650 _aEnglish Poems
942 _cL
999 _c4455
_d4455